000 00332nam a22001457a 4500
008 210310b ||||| |||| 00| 0 eng d
020 _a9780256066609
041 _aeng
080 _28th
_a330.722.6
082 _a330.722.6
100 _a61
101 _aKF
245 _aIntermediate Accounting
_cWelsch, G. A
942 _2udc
_cBK
999 _c56217
_d56217